[Event "HUN-chT2 Szechenyi 2122"]
[Site "Hungary"]
[Date "2021.12.05"]
[Round "3.11"]
[White "Retai, Balazs"]
[Black "Karasz, Nimrod"]
[Result "1/2-1/2"]
[WhiteElo "1334"]
[BlackElo "1319"]
[PlyCount "40"]
[EventDate "2021.10.10"]
[EventType "team-tourn"]
[EventRounds "9"]
[EventCountry "HUN"]
[SourceTitle "EXT 2025"]
[Source "ChessBase"]
[SourceDate "2024.10.14"]
[SourceVersion "1"]
[SourceVersionDate "2024.10.14"]
[SourceQuality "1"]
[WhiteTeam "Csuti Baki Agrocentrum"]
[BlackTeam "Ezust Huszar"]
[WhiteTeamCountry "HUN"]
[BlackTeamCountry "HUN"]

1. d4 Nf6 2. Bf4 g6 3. e3 Bg7 4. Nd2 d6 5. Ngf3 Nbd7 6. c3 0-0 7. Be2 Nh5 8. Bg5 c5 9. Qb3 h6 10. Bh4 Nhf6 11. Bg3 cxd4 12. cxd4 b6 13. Rc1 Bb7 14. 0-0 Rc8 15. Rc2 Ne4 16. Rfc1 Rxc2 17. Rxc2 Nxg3 18. hxg3 Qa8 19. Qa4 Nf6 20. Rc7 Nd5 1/2-1/2